The Catholic priest : Answering God's Call / Catenian Association (Registro nro. 45573)
[ vista simple ]
| 000 -LÍDER | |
|---|---|
| Campo fijo de descripción fija | 011180000a22002050004500 |
| 020 ## - NÚMERO INTERNACIONAL NORMALIZADO PARA LIBROS | |
| Número Internacional Normalizado del libro | 978-1-904657-59-0 |
| 082 04 - NÚMERO DE CLASIFICACIÓN DECIMAL DEWEY | |
| Número de clasificación | G 253.25 V61c |
| 001 - NÚMERO DE CONTROL | |
| Campo de control | 19202 |
| 110 1# - ASIENTO PRINCIPAL--NOMBRE CORPORATIVO | |
| Nombre corporativo o de jurisdicción como elemento de entrada | A Vocations Initiative of the Catenian Association for the Catholic Bishops' Conference of England and Wales and the Bishops' Conference of Scotland |
| 245 10 - TÍTULO | |
| Título del Material | The Catholic priest : Answering God's Call / Catenian Association |
| 260 ## - PUBLICACIÓN, DISTRIBUCIÓN, ETC. (PIE DE IMPRENTA) | |
| Lugar de publicación, distribución, etc. | Cheshire, England : Catenian Association |
| 300 ## - DESCRIPCIÓN FÍSICA | |
| Extensión | 136 páginas |
| 336 ## - CONTENT TYPE | |
| Content type term | texto |
| Content type code | txt |
| Source | rdacontent |
| 337 ## - MEDIA TYPE | |
| Source | rdamedia |
| Media type term | sin mediación |
| Media type code | n |
| 338 ## - CARRIER TYPE | |
| Source | rdacarrier |
| Carrier type term | volumen |
| Carrier type code | nc |
| 501 ## - NOTA DE “CON” | |
| Nota de Contenido | Rústico |
| 505 00 - NOTA DE CONTENIDO | |
| Nota de contenido con formato preestablecido | Mi vocación como cristiano - El sacerdocio y la iglesia - ¿Qué es un sacerdote? - ¿Qué hace un sacerdote? - La vida de un sacerdote - ¿Es algo que podría hacer? - Primeros pasos: Tu obispo y tu llamado - ¿Qué debo hacer ahora? - El proceso de selección - Formación para el sacerdocio - Eres un sacerdote para siempre: La ordinación y más allá - Lectio divina |
| 650 14 - ASIENTO SECUNDARIO DE MATERIA - TERMINO TEMÁTICO | |
| Término temático o nombre geográfico como elemento de entrada | Iglesia Católica - Clero \ Sacerdotes Católicos - Vocación - Ordenación |
| 942 ## - TIPO DE MATERIAL (KOHA) | |
| Tipo de Item KOHA | Libros General |
| Estado de Material | Estado de Perdido | Estado de Dañado | No para Préstamo | Colección | Tomo | Biblioteca de Origen | Biblioteca Permanente | Fecha de Adquisición | Total de Préstamos | Signatura Topográfica | Código de Barras | Última vez visto | Ejemplar/Existencia | Fecha de Remplazo | Tipo de Material |
|---|---|---|---|---|---|---|---|---|---|---|---|---|---|---|---|
| Colección General | Biblioteca FUSBC | Biblioteca FUSBC | 11/03/2015 | G 253.25 V61c | 19233 | 12/12/2019 | 1 | 26/01/2016 | Libros General |
